=LDR 00000nam 2200000 4500 =001 INLIS000000000046666 =005 20150420095805.0 =006 =007 =008 =035 ##$$0010-041500000000148 =082 ##$$a 028.5 =090 ##$$a 028.5 kum k =100 ##$$a kambini yudianto =245 ##$$a seri mengenal dunia serangga =260 ##$$a bestari =300 ##$$a 36 hlm. =850 ##$$a NPBMAT =990 ##$$a 0001/BPAP-NTB/20142015